000 00587nam a2200169Ia 4500
003 GCL
008 140319s9999 xx 000 0 ara d
040 _aGCL /
_cGCL
082 0 4 _a338.9
_bج ب
100 1 _aجاد لبيب
245 1 0 _aبناء الاقتصاد المصرى والعلاقات الاقتصاديةوالمالية بين مصر وانجلترا /
_cجاد لبيب
300 _a254 ص
490 _aالهيئة العامة للاستعلامات
_v0
650 0 4 _aالقطن - مصر
650 0 4 _aمصر - الاحوال الاقتصادية
942 _2ddc
_cBK
999 _c47168
_d47168